000 006330000a22001810004500
003 MACL
005 20160528150446.0
008 160528b xxu||||| |||| 00| 0 eng d
040 _aMACL
_cMACL
041 _aHindi
082 _a891.433 MIS
100 _aमिश्र, भगवती शरण
_960595
245 _aकैलाशपति शिव
_cभगवती शरण मिश्र
260 _aनई दिल्‍ली
_bस्‍टैप बाई स्‍टैप पब्लिशर्स
_c2011
350 _a350
650 _aउपन्‍यास
_960596
942 _cHIN
_k891.433/MIS/N
_2ddc
999 _c46487
_d46487